Physics of climate

Saved in:
Bibliografiske detaljer
Main Authors: Peixoto, José Pinto (Author), Oort, Abraham H (Author)
Format: Bog
Sprog:engelsk
Udgivet: Nueva York American Institute of Physics 1992
Fag:
Tags: Tilføj Tag
Ingen Tags, Vær først til at tagge denne postø!

MARC

LEADER 00000nam a2200000 a 4500
001 UCY3036
003 CL-VaPUC
008 941206e19920000US |||||||||||||||||eng|d
082 0 4 |a 551.6  |b PEI  |2 21 
100 0 |a Peixoto, José Pinto  |e author  |9 331227 
700 0 |a Oort, Abraham H  |e author  |9 331228 
245 1 0 |a Physics of climate 
300 |a 520 p 
942 |c BK 
945 |d 19941206 00:00:00  |a mfernand 
260 |a Nueva York  |b American Institute of Physics  |c 1992 
650 0 |a Climatología   |9 262302 
650 7 |a METEOROLOGIA DINAMICA  |2 CL-VaPUC  |9 261368 
583 |a last modification  |c 19941206 00:00:00  |k Rodrigo Vera 
999 |c 231281  |d 231279 
952 |0 0  |1 0  |4 0  |6 551_600000000000000_PEI_1992  |7 0  |8 A  |9 234340  |a BIBCUR  |b BIBCUR  |d 2019-11-15  |i 3041794  |l 3  |m 4  |o 551.6 PEI 1992  |p 3041794  |r 2025-04-22  |s 2024-10-01  |w 2019-11-15  |y BK  |k FIS